Naše podnebí v budoucnosti

Bibliographic Details
Main Author: Obasi, Godwin O.P (Author)
Format: Article
Language:Slovak
Czech
ISSN:1335-0161
Subjects:

MARC

LEADER 00000nab a2200000 a 4500
001 vtls000862056
003 SK-MaSNL
005 20260304105335.0
008 250429c2003 xo 0 slo
015 |a SNBRB2004/02-04184 
035 |a CLN000213644 
035 |a urn:nbn:sk:snk-abd4ok 
035 |a (urnnbn)urn:nbn:sk:snk:ar-a09tpl 
035 |a (uuid)f704e34c-02c2-4709-b365-43f1e1ef80aa 
040 |a SNKBUCL  |b slo  |c SNKBUCL  |e AACR2 
041 0 |a cze 
044 |a xo  |c SK 
080 |a 551.58  |2 1997 
100 1 |a Obasi, Godwin O.P.  |4 aut  |9 1406530 
245 1 0 |a Naše podnebí v budoucnosti  |c Godwin O.P. Obasi 
650 0 7 |a klíma  |2 snkbucl  |9 834 
650 0 7 |a meteorológia  |2 snkbucl  |9 873 
655 7 |a články z novín a časopisov  |2 snkbucl  |9 267496 
773 0 |t Ekológia & život  |g Roč. 12, č. 1 (2003), s. 11-13  |x 1335-0161 
850 |a Slovenská národná knižnica 
852 |a Slovenská národná knižnica 
954 |a odborná, vedecká literatúra cudzojazyčná (svetová)  |2 lita 
958 |a article17 
958 |a OND 
958 |a EUIPO 
992 |a RBX 
999 |c 2855303  |d 2857233